000 00357nam a2200145Ia 4500
008 230917s9999||||xx |||||||||||||| ||und||
040 _e160325
_aMAIN
041 _aEnglish
082 _a338.4791 S64I
100 _aSingh, S P
245 0 _aInternational tourism development
260 _aJaipur
_bABD Publishers
_c2005
300 _a234 p.
942 _cBK
999 _c130449
_d130449